| 000 -LEADER |
| fixed length control field |
02711cam a22003257i 4500 |
| 003 - CONTROL NUMBER IDENTIFIER |
| control field |
OSt |
| 005 - DATE AND TIME OF LATEST TRANSACTION |
| control field |
20200521122037.0 |
| 008 - FIXED-LENGTH DATA ELEMENTS--GENERAL INFORMATION |
| fixed length control field |
171002t20182018nyuad b 000 0 eng d |
| 020 ## - INTERNATIONAL STANDARD BOOK NUMBER |
| International Standard Book Number |
9781945150791 |
| Qualifying information |
(pbk.) |
| 082 04 - DEWEY DECIMAL CLASSIFICATION NUMBER |
| Classification number |
724.6GHO |
| Edition number |
23 |
| 100 1# - MAIN ENTRY--PERSONAL NAME |
| Personal name |
Ghosn, Rania, |
| Relator term |
author. |
| 245 10 - TITLE STATEMENT |
| Title |
Geostories : |
| Remainder of title |
another architecture for the environment / |
| Statement of responsibility, etc |
Rania Ghosn and El Hadi Jazairy (Design Earth). |
| 300 ## - PHYSICAL DESCRIPTION |
| Extent |
231 pages : |
| Other physical details |
illustrations (some color), maps ; |
| Dimensions |
24 cm. |
| 505 0# - FORMATTED CONTENTS NOTE |
| Formatted contents note |
Terrarium. After Oil ; Towers on Wire ; Belly of a Mountain ; Georama of Trash ; Trash Peaks --Aquarium. Of Oil and Ice ; Apart, We Are Together ; A Geographic Stroll Around the Horizon ; Pacific Aquarium --Planetarium. Blue Marble Circus ; Airpocalypse ; Neck of the Moon ; Love Your Monsters ; Cosmorama -- Assemblies -- Section Cut: an Allegorical Construct of the World / Nader Tehrani -- Anthropocene Architecture: Design Earth's Geostories / Peder Anker and Nina Edwards Anker -- The Role of Design in the New Climatic Regime / Albena Yaneva. |
| 520 ## - SUMMARY, ETC. |
| Summary, etc |
"How do we make sense of the Earth at a moment in which it is presented in crisis? Geostories is a manifesto on the environmental imagination that renders sensible the issues of climate change and through geographic fiction invites readers to relate to the complexity of Earth systems in their vast scales of time and space. The book is organized into three sections-terrarium, aquarium, planetarium, each of which revisits such devices of wonder that assemble publics around representations of the Earth. The series of architectural projects becomes a medium to synthesize different forms and scales of knowledge on technological externalities, such as oil extraction, deep-sea mining, ocean acidification, water shortage, air pollution, trash, space debris, and a host of other social-ecological issues. Through design research, Geostories brings together spatial history, geographic representation, projective design, and material public assemblies to speculate on ways of living with such legacy technologies on the planet."-- |
| 648 #7 - SUBJECT ADDED ENTRY--CHRONOLOGICAL TERM |
| Chronological term |
1900-1999 |
| Source of heading or term |
fast |
| 650 #0 - SUBJECT ADDED ENTRY--TOPICAL TERM |
| Topical term or geographic name as entry element |
Architecture |
| General subdivision |
Environmental aspects. |
| 650 #0 - SUBJECT ADDED ENTRY--TOPICAL TERM |
| Topical term or geographic name as entry element |
Architecture and climate. |
| 650 #0 - SUBJECT ADDED ENTRY--TOPICAL TERM |
| Topical term or geographic name as entry element |
Human beings |
| General subdivision |
Effect of environment on. |
| 650 #0 - SUBJECT ADDED ENTRY--TOPICAL TERM |
| Topical term or geographic name as entry element |
Human beings |
| General subdivision |
Effect of climate on. |
| 650 #0 - SUBJECT ADDED ENTRY--TOPICAL TERM |
| Topical term or geographic name as entry element |
Human geography. |
| 650 #7 - SUBJECT ADDED ENTRY--TOPICAL TERM |
| Topical term or geographic name as entry element |
Human geography. |
| Source of heading or term |
fast |
| 650 #7 - SUBJECT ADDED ENTRY--TOPICAL TERM |
| Topical term or geographic name as entry element |
Human beings |
| General subdivision |
Effect of environment on. |
| Source of heading or term |
fast |
| 650 #7 - SUBJECT ADDED ENTRY--TOPICAL TERM |
| Topical term or geographic name as entry element |
Human beings |
| General subdivision |
Effect of climate on. |
| Source of heading or term |
fast |
| 650 #7 - SUBJECT ADDED ENTRY--TOPICAL TERM |
| Topical term or geographic name as entry element |
Architecture and climate. |
| Source of heading or term |
fast |
| 650 #7 - SUBJECT ADDED ENTRY--TOPICAL TERM |
| Topical term or geographic name as entry element |
Architecture |
| General subdivision |
Environmental aspects. |
| Source of heading or term |
fast |
| 650 #7 - SUBJECT ADDED ENTRY--TOPICAL TERM |
| Topical term or geographic name as entry element |
Architecture, Modern. |
| Source of heading or term |
fast |
| 700 1# - ADDED ENTRY--PERSONAL NAME |
| Personal name |
Jazairy, El Hadi, |
| Dates associated with a name |
1970- |
| Relator term |
author. |
| 942 ## - ADDED ENTRY ELEMENTS (KOHA) |
| Source of classification or shelving scheme |
|